[Event "EU-chT Seniors 05th"]
[Site "Dresden"]
[Date "2003.02.23"]
[Round "1.4"]
[White "Wieckowski, Ryszard"]
[Black "Ofstad, Per"]
[Result "0-1"]
[WhiteElo "1929"]
[BlackElo "2210"]
[EventDate "2003.02.23"]
[PlyCount "84"]

1.c4 c5 2.Nc3 Nf6 3.g3 Nc6 4.Bg2 g6 5.e3 Bg7 6.Nge2 d6 7.O-O O-O 8.Rb1 e5 
9.a3 Bf5 10.e4 Be6 11.d3 Qd7 12.f3 Ne8 13.Nd5 Nd4 14.Nxd4 cxd4 15.b4 b5 
16.cxb5 Bxd5 17.exd5 Nc7 18.a4 Nxd5 19.Bd2 Rac8 20.Qe1 Nc3 21.Bxc3 Rxc3 
22.Qd2 Qf5 23.Rfd1 Rfc8 24.g4 Qe6 25.Rdc1 Bf6 26.Rxc3 dxc3 27.Qc2 Bg5 28.
Re1 Qf6 29.Re2 Qf4 30.Bh1 Qxb4 31.Bg2 Qd4+ 32.Kh1 Qf4 33.Kg1 Rc5 34.Kh1 
Qb4 35.Bf1 Bd2 36.d4 Qxd4 37.Re4 Qf2 38.Bg2 Be3 39.Qxf2 Bxf2 40.Re2 c2 41.
Rxf2 c1=Q+ 42.Rf1 Qd2 0-1

[Event "EU-chT Seniors 05th"]
[Site "Dresden"]
[Date "2003.02.23"]
[Round "1.4"]
[White "Zanger, Konrad"]
[Black "Tochtermann, Georg"]
[Result "1/2-1/2"]
[WhiteElo "1624"]
[BlackElo "2012"]
[EventDate "2003.02.23"]
[PlyCount "94"]

1.d4 Nf6 2.Nf3 e6 3.g3 b6 4.Bg2 Bb7 5.O-O g6 6.c4 Bg7 7.Nc3 O-O 8.Re1 d6 
9.Rb1 Re8 10.e4 Nbd7 11.Qc2 e5 12.d5 a5 13.b3 h6 14.Bd2 Nf8 15.h3 Bc8 16.
Nb5 Bd7 17.Nc3 g5 18.Nh2 Ng6 19.a4 Qc8 20.g4 Nf4 21.Nd1 h5 22.f3 Bh6 23.
Nf2 Kg7 24.Bxf4 gxf4 25.Kf1 Rh8 26.Ke2 Bg5 27.Rh1 Bh4 28.Rbf1 Bg3 29.Kd1 
c6 30.Qd3 cxd5 31.exd5 Qc5 32.Ne4 Nxe4 33.fxe4 Bxh2 34.Rxh2 hxg4 35.Qc3 f6
36.Bh1 g3 37.Rd2 Rag8 38.Bg2 Bxh3 39.Qf3 Kf7 40.Bxh3 Rxh3 41.Rh1 Rxh1+ 42.
Qxh1 g2 43.Rxg2 Rxg2 44.Qxg2 Qd4+ 45.Kc2 Qe3 46.Kb2 Qg3 47.Qh1 Kg7 1/2-1/2

[Event "EU-chT Seniors 05th"]
[Site "Dresden"]
[Date "2003.02.24"]
[Round "2.1"]
[White "Hamm, Georg"]
[Black "Holt, Trevor J"]
[Result "1-0"]
[WhiteElo "2059"]
[BlackElo "1776"]
[EventDate "2003.02.23"]
[PlyCount "173"]

1.Nf3 f5 2.e4 fxe4 3.Ng5 Nf6 4.d3 e5 5.dxe4 Bc5 6.Bc4 Qe7 7.O-O d6 8.Nc3 
c6 9.Bf7+ Kf8 10.Bb3 h6 11.Nf3 Bg4 12.h3 Bh5 13.Qe2 g5 14.g4 Nxg4 15.hxg4 
Bxg4 16.Qd3 Qf6 17.Nh2 h5 18.Be3 Na6 19.Bxc5 Nxc5 20.Qg3 Kg7 21.f3 Bd7 22.
Kf2 h4 23.Qg2 Raf8 24.Rg1 Rh5 25.Ke2 Be6 26.Raf1 b5 27.Kd1 a5 28.Ne2 a4 
29.Bxe6 Nxe6 30.Qg4 Rh6 31.c3 Qe7 32.Kc2 c5 33.f4 exf4 34.Nxf4 Nxf4 35.
Rxf4 Rg6 36.Rxf8 Qxf8 37.Qd7+ Qf7 38.Qxf7+ Kxf7 39.Kd3 Ke6 40.Ng4 Rg7 41.
Rf1 Rh7 42.Ke3 h3 43.Rh1 Rh4 44.Kf3 Rh8 45.Kg3 Rf8 46.Rxh3 Rf4 47.Rh6+ Ke7
48.Nf2 c4 49.a3 d5 50.exd5 Rf5 51.Rb6 Rxd5 52.Ne4 Re5 53.Nf2 Kd7 54.Kf3 
Kc7 55.Rg6 Rf5+ 56.Ke3 Rd5 57.Ne4 Rd3+ 58.Ke2 Rh3 59.Rxg5 Rh2+ 60.Nf2 Kc6 
61.Rf5 Kb6 62.Ke3 Rh4 63.Ne4 Rh2 64.Rf2 Rh3+ 65.Rf3 Rh2 66.Nf2 Kc5 67.Rf5+
Kc6 68.Kd4 Rh4+ 69.Ne4 Rh2 70.Rf6+ Kc7 71.Rf2 Rh4 72.Rd2 Kc6 73.Ke5 Rh5+ 
74.Kf4 Rh4+ 75.Kf3 Rh5 76.Rd6+ Kc7 77.Rg6 Rh2 78.Rg2 Rh4 79.Ke3 Kc6 80.Kd4
Kb6 81.Rg6+ Kc7 82.Rf6 Rh2 83.Rf2 Rh5 84.Nf6 Rg5 85.Nd5+ Kd7 86.Rf7+ Ke6 
87.Re7+ 1-0

[Event "EU-chT Seniors 05th"]
[Site "Dresden"]
[Date "2003.02.24"]
[Round "2.1"]
[White "Hampel, Johannes"]
[Black "Denda, Ronald"]
[Result "1-0"]
[WhiteElo "2003"]
[BlackElo "2080"]
[EventDate "2003.02.23"]
[PlyCount "85"]

1.d4 d5 2.c4 e6 3.Nc3 Nf6 4.Bg5 Nbd7 5.e3 c6 6.cxd5 exd5 7.Bd3 Be7 8.Qc2 
O-O 9.Nge2 Re8 10.O-O h6 11.Bh4 Ne4 12.Bxe7 Qxe7 13.Rae1 Ndf6 14.f3 Nxc3 
15.Nxc3 Bd7 16.e4 dxe4 17.fxe4 Be6 18.e5 Nd5 19.Ne4 Nb4 20.Qd2 Nxd3 21.
Qxd3 Red8 22.Re3 Qb4 23.Nd6 Rxd6 24.exd6 Bc4 25.Qc3 Qxc3 26.bxc3 Bxf1 27.
Kxf1 Kf8 28.Re7 Rb8 29.Rc7 Ke8 30.c4 b5 31.c5 a5 32.Rxc6 a4 33.Rb6 Ra8 34.
Rxb5 Kd7 35.d5 Ra7 36.a3 g6 37.Ke2 f6 38.Kd3 h5 39.Rb8 Ra5 40.Kd4 g5 41.
Rb7+ Kc8 42.c6 h4 43.d7+ 1-0

[Event "EU-chT Seniors 05th"]
[Site "Dresden"]
[Date "2003.02.24"]
[Round "2.1"]
[White "Keller, Dieter"]
[Black "Braun, Gottfried"]
[Result "0-1"]
[WhiteElo "2385"]
[BlackElo "2251"]
[EventDate "2003.02.23"]
[PlyCount "54"]

1.e4 d6 2.d4 Nf6 3.Nc3 e5 4.Nf3 Nbd7 5.Bc4 Be7 6.O-O O-O 7.Re1 exd4 8.Qxd4
Nb6 9.Bf1 Ng4 10.a4 Bf6 11.Qd3 Nd7 12.Nd5 Nc5 13.Qa3 Re8 14.Nxf6+ Qxf6 15.
Bd3 Bd7 16.h3 Ne5 17.Nxe5 Rxe5 18.Bd2 Qg6 19.f4 Bxh3 20.Bf1 Rh5 21.f5 Qg4 
22.Re3 Nxe4 23.Be1 Bxg2 24.Bxg2 Rg5 25.Bg3 Nxg3 26.Kf2 Nxf5 27.Bh3 Qh4+ 
0-1

[Event "EU-chT Seniors 05th"]
[Site "Dresden"]
[Date "2003.02.24"]
[Round "2.1"]
[White "Kort, Jacob"]
[Black "Baumgartner, Heinz"]
[Result "1/2-1/2"]
[WhiteElo "2225"]
[BlackElo "2381"]
[EventDate "2003.02.23"]
[PlyCount "35"]

1.d4 d5 2.c4 e6 3.Nc3 Nf6 4.Bg5 Nbd7 5.e3 Be7 6.Qc2 O-O 7.Nf3 Re8 8.Rd1 c6
9.h3 Qa5 10.Bd3 dxc4 11.Bxc4 e5 12.O-O exd4 13.Rxd4 Nf8 14.Qb3 Be6 15.Bxe6
Nxe6 16.Bxf6 Bxf6 17.Rd7 Bxc3 18.bxc3 1/2-1/2

[Event "EU-chT Seniors 05th"]
[Site "Dresden"]
[Date "2003.02.24"]
[Round "2.1"]
[White "Littlewood, John Eric"]
[Black "Uhlmann, Wolfgang"]
[Result "1-0"]
[WhiteElo "2286"]
[BlackElo "2446"]
[EventDate "2003.02.23"]
[PlyCount "97"]

1.d4 Nf6 2.Bg5 Ne4 3.Bf4 d5 4.f3 Nf6 5.Nc3 Bf5 6.g4 Bg6 7.h4 h6 8.e3 e6 9.
Bd3 Bxd3 10.Qxd3 a6 11.Nge2 c5 12.Kf2 Nc6 13.Kg2 Be7 14.Bg3 b5 15.Nf4 b4 
16.Nce2 e5 17.dxe5 Nxe5 18.Qf5 Nc4 19.Bf2 g6 20.Qd3 Nxb2 21.Qb3 Nc4 22.
Rad1 Nb6 23.g5 hxg5 24.hxg5 Rxh1 25.Rxh1 Nfd7 26.Qd3 Nf8 27.e4 d4 28.e5 
Qd7 29.Qe4 O-O-O 30.a3 Qb7 31.Qxb7+ Kxb7 32.axb4 cxb4 33.Nxd4 Bxg5 34.Nd3 
Be7 35.Nb3 Ne6 36.Rh2 Ng5 37.Rh4 Rd7 38.f4 Ne6 39.Rh7 Rxd3 40.cxd3 Nxf4+ 
41.Kg3 Nbd5 42.Rxf7 Nxd3 43.Nc5+ Nxc5 44.Bxc5 Kc6 45.Bxe7 Nxe7 46.Rxe7 b3 
47.Re6+ Kc7 48.Rd6 a5 49.Rd1 1-0

[Event "EU-chT Seniors 05th"]
[Site "Dresden"]
[Date "2003.02.24"]
[Round "2.1"]
[White "Neubert, Gerhard"]
[Black "Hempson, Peter W"]
[Result "1/2-1/2"]
[WhiteElo "1946"]
[BlackElo "2197"]
[EventDate "2003.02.23"]
[PlyCount "43"]

1.f4 d5 2.Nf3 g6 3.e3 Bg7 4.Be2 Nf6 5.O-O O-O 6.d3 b6 7.Ne5 Nfd7 8.Nxd7 
Nxd7 9.Bf3 Nc5 10.Nc3 Bb7 11.Bd2 e6 12.Rb1 d4 13.Ne4 Nxe4 14.Bxe4 Bxe4 15.
dxe4 dxe3 16.Bxe3 Qxd1 17.Rfxd1 Rfd8 18.c3 Kf8 19.Kf1 Ke8 20.Ke2 a6 21.
Rxd8+ Rxd8 22.Rd1 1/2-1/2

[Event "EU-chT Seniors 05th"]
[Site "Dresden"]
[Date "2003.02.24"]
[Round "2.1"]
[White "Neukirch, Detlef"]
[Black "Kleinwaechter, Matthias"]
[Result "1-0"]
[WhiteElo "2287"]
[BlackElo "1974"]
[EventDate "2003.02.23"]
[PlyCount "65"]

1.e4 c5 2.Nf3 e6 3.d4 cxd4 4.Nxd4 Nf6 5.Nc3 d6 6.Be2 Nc6 7.O-O Be7 8.Be3 
O-O 9.f4 Re8 10.Qe1 Nxd4 11.Bxd4 e5 12.Be3 exf4 13.Rxf4 Be6 14.Bd4 Nd7 15.
Rd1 Bf6 16.Bxf6 Nxf6 17.Kh1 Qa5 18.Rxd6 Qe5 19.Qd2 h6 20.Rd4 a6 21.Rf1 
Rac8 22.Bf3 Kh7 23.Rd1 Bg4 24.Nd5 Bxf3 25.gxf3 Rc6 26.c3 Qh5 27.Qf4 Re5 
28.Ne3 Rce6 29.Rd6 Rxd6 30.Rxd6 Rb5 31.b4 Qh3 32.e5 Nd5 33.Qe4+ 1-0

[Event "EU-chT Seniors 05th"]
[Site "Dresden"]
[Date "2003.02.24"]
[Round "2.1"]
[White "Pojedziniec, Wladyslaw"]
[Black "Weber, Bernd"]
[Result "1/2-1/2"]
[WhiteElo "2225"]
[BlackElo "2115"]
[EventDate "2003.02.23"]
[PlyCount "59"]

1.c4 Nf6 2.Nc3 e6 3.Nf3 Bb4 4.a3 Bxc3 5.bxc3 c5 6.g3 Nc6 7.Bg2 O-O 8.O-O 
d6 9.d3 e5 10.e4 Bd7 11.h3 Ne8 12.Kh2 Nc7 13.a4 a6 14.Nd2 b5 15.axb5 axb5 
16.Rxa8 Qxa8 17.cxb5 Nxb5 18.Qc2 Be6 19.Bb2 Rb8 20.Ra1 Qb7 21.Bc1 h6 22.f4
f6 23.Rb1 Qa7 24.Bf1 Nc7 25.Rxb8+ Qxb8 26.Nf3 Qb3 27.Qxb3 Bxb3 28.Bb2 Kf7 
29.Kg2 Bc2 30.h4 1/2-1/2

[Event "EU-chT Seniors 05th"]
[Site "Dresden"]
[Date "2003.02.24"]
[Round "2.1"]
[White "Rosen, Willy"]
[Black "Hecht, Hans Joachim"]
[Result "0-1"]
[WhiteElo "2326"]
[BlackElo "2381"]
[EventDate "2003.02.23"]
[PlyCount "60"]

1.e4 e5 2.Nf3 Nc6 3.Be2 f5 4.d4 fxe4 5.Nxe5 Nf6 6.Nc3 Bb4 7.O-O Qe7 8.Ng4 
Nxg4 9.Bxg4 Bxc3 10.bxc3 O-O 11.Qe2 d5 12.Bxc8 Raxc8 13.a4 Qd7 14.a5 b6 
15.axb6 cxb6 16.f3 exf3 17.Rxf3 Rxf3 18.Qxf3 Rf8 19.Qg3 Na5 20.Ba3 Re8 21.
Re1 Rxe1+ 22.Qxe1 Nc4 23.Bc1 a5 24.Qg3 Qd8 25.Bh6 Qf6 26.Bg5 Qf8 27.Qc7 h6
28.Be7 Qf5 29.Bh4 Qxc2 30.Qd8+ Kh7 0-1

[Event "EU-chT Seniors 05th"]
[Site "Dresden"]
[Date "2003.02.24"]
[Round "2.1"]
[White "Schmidt, Gerhard"]
[Black "Baumbach, Friedrich"]
[Result "0-1"]
[WhiteElo "2225"]
[BlackElo "2309"]
[EventDate "2003.02.23"]
[PlyCount "86"]

1.d4 d5 2.c4 e6 3.Nf3 Be7 4.Nc3 Nf6 5.Bg5 O-O 6.e3 h6 7.Bh4 Ne4 8.Bxe7 
Qxe7 9.Rc1 Nxc3 10.Rxc3 c6 11.Be2 Nd7 12.cxd5 exd5 13.O-O Nf6 14.Qb1 Ne4 
15.Rcc1 Bg4 16.Qc2 Rac8 17.Rfe1 Rfe8 18.Bf1 Qf6 19.Be2 Qd6 20.Nd2 Bxe2 21.
Nxe4 Rxe4 22.Qxe2 Rce8 23.Qd2 f5 24.g3 g5 25.b4 a6 26.a4 f4 27.exf4 gxf4 
28.b5 axb5 29.axb5 cxb5 30.Rxe4 Rxe4 31.gxf4 Rxf4 32.Qe3 Re4 33.Rc8+ Kg7 
34.Qc3 b4 35.Qc7+ Qxc7 36.Rxc7+ Kf6 37.Rxb7 Rxd4 38.f3 Ke5 39.Kf2 Rc4 40.
Ke3 Rc3+ 41.Kf2 b3 42.Kg3 Kd4 43.h4 Kd3 0-1

[Event "EU-chT Seniors 05th"]
[Site "Dresden"]
[Date "2003.02.24"]
[Round "2.1"]
[White "Stavenhagen, Johannes"]
[Black "Johannessen, Svein"]
[Result "0-1"]
[WhiteElo "1861"]
[BlackElo "2337"]
[EventDate "2003.02.23"]
[PlyCount "52"]

1.d4 Nf6 2.Bg5 d6 3.e3 Nbd7 4.f4 h6 5.Bh4 g5 6.fxg5 hxg5 7.Bxg5 Ne4 8.Qg4 
Ndf6 9.Qf4 Nxg5 10.Qxg5 c6 11.Nd2 Be6 12.a3 Bh6 13.Qg3 Ng4 14.O-O-O Nxe3 
15.Re1 Nxf1 16.Rxf1 Qa5 17.c3 O-O-O 18.Nf3 Qd5 19.Qe1 Rhg8 20.Rhg1 Rg4 21.
Rf2 Rdg8 22.h3 Rg3 23.Re2 Qxf3 24.Rxe6 Bxd2+ 25.Kxd2 Qd3+ 26.Kc1 fxe6 0-1

[Event "EU-chT Seniors 05th"]
[Site "Dresden"]
[Date "2003.02.24"]
[Round "2.1"]
[White "Turikov, Viktor"]
[Black "Koksch, Guenther"]
[Result "1-0"]
[WhiteElo "2370"]
[BlackElo "2191"]
[EventDate "2003.02.23"]
[PlyCount "61"]

1.d4 e6 2.Nf3 f5 3.g3 Nf6 4.Bg2 Be7 5.O-O O-O 6.c4 d6 7.Nc3 a5 8.Qc2 Nc6 
9.e4 fxe4 10.Nxe4 Nb4 11.Qe2 Nxe4 12.Qxe4 e5 13.g4 exd4 14.a3 Na6 15.Nxd4 
Nc5 16.Qe2 Bf6 17.Be3 Re8 18.Rad1 a4 19.h3 Qe7 20.Qc2 c6 21.Rfe1 Bd7 22.
Nf3 Nb3 23.Bf4 Qf7 24.Bxd6 Be6 25.c5 Bd5 26.Ne5 Bxe5 27.Bxd5 cxd5 28.Rxe5 
d4 29.Rf5 Qe6 30.Qd3 Qe2 31.Rf8+ 1-0

[Event "EU-chT Seniors 05th"]
[Site "Dresden"]
[Date "2003.02.24"]
[Round "2.1"]
[White "Vasiukov, Evgeni"]
[Black "Biebinger, Gerhard"]
[Result "1-0"]
[WhiteElo "2542"]
[BlackElo "2376"]
[EventDate "2003.02.23"]
[PlyCount "87"]

1.e4 e6 2.d4 d5 3.e5 c5 4.c3 Nc6 5.Nf3 Bd7 6.Be2 Nge7 7.Na3 cxd4 8.cxd4 
Nf5 9.Nc2 Nb4 10.O-O Nxc2 11.Qxc2 Qb6 12.Qd3 a6 13.a4 a5 14.h4 Ne7 15.Qe3 
Nf5 16.Qf4 Be7 17.h5 g5 18.hxg6 hxg6 19.g4 g5 20.Qd2 Nh4 21.Nxg5 Rg8 22.
Nh7 Rc8 23.Qf4 Rc2 24.Bd3 Rc4 25.Bxc4 dxc4 26.Be3 Qc6 27.f3 Nf5 28.Nf6+ 
Bxf6 29.exf6 Nxe3 30.Qxe3 Qd6 31.Qe5 Qxe5 32.dxe5 Bc6 33.Kf2 Kd7 34.Kg3 
Bd5 35.Rh1 Kc6 36.Rh7 Rf8 37.Rah1 b5 38.axb5+ Kxb5 39.Rh8 Rxh8 40.Rxh8 a4 
41.g5 c3 42.bxc3 a3 43.g6 a2 44.Ra8 1-0

[Event "EU-chT Seniors 05th"]
[Site "Dresden"]
[Date "2003.02.24"]
[Round "2.1"]
[White "Wicklund Hansen, Richard"]
[Black "Cording, Harm"]
[Result "1/2-1/2"]
[WhiteElo "2046"]
[BlackElo "2265"]
[EventDate "2003.02.23"]
[PlyCount "40"]

1.e4 d5 2.exd5 Qxd5 3.Nc3 Qa5 4.d4 Nf6 5.Bd2 c6 6.Nf3 Bf5 7.Bc4 e6 8.O-O 
Nbd7 9.Bb3 Qc7 10.Re1 Be7 11.Qe2 O-O 12.Nd1 Rad8 13.Ne3 Bg6 14.Nf1 Rfe8 
15.Ng3 c5 16.c3 a6 17.Rac1 b5 18.Nh4 Nb6 19.Nxg6 hxg6 20.dxc5 Bxc5 1/2-1/2

[Event "EU-chT Seniors 05th"]
[Site "Dresden"]
[Date "2003.02.24"]
[Round "2.1"]
[White "Wiemer, Juergen"]
[Black "Duemmke, Juergen"]
[Result "0-1"]
[WhiteElo "2043"]
[BlackElo "2187"]
[EventDate "2003.02.23"]
[PlyCount "100"]

1.e4 d5 2.e5 c5 3.c4 Nc6 4.f4 dxc4 5.Bxc4 Nh6 6.Nc3 Bg4 7.Nge2 a6 8.h3 Bf5
9.a3 e6 10.O-O b5 11.Bb3 c4 12.Bc2 Bc5+ 13.Kh2 Bd3 14.Bxd3 Qxd3 15.Rf3 Qd7
16.Ne4 Be7 17.d4 Nf5 18.Be3 Nxe3 19.Rxe3 Rd8 20.Rc1 Nxd4 21.Nxd4 Qxd4 22.
Qxd4 Rxd4 23.b3 O-O 24.bxc4 bxc4 25.Nd6 Bxd6 26.exd6 Rd8 27.Rec3 R8xd6 28.
Rxc4 g6 29.Kg1 Kg7 30.Kf2 Rd2+ 31.Kf1 Ra2 32.R4c3 Rdd2 33.Rg3 Rf2+ 34.Kg1 
Rxf4 35.Rc5 h5 36.Rcc3 Ra1+ 37.Kh2 Rff1 38.Rgf3 h4 39.Rxf1 Rxf1 40.Rc6 a5 
41.Rc3 Kf6 42.g4 Rf2+ 43.Kg1 Ra2 44.Rf3+ Ke7 45.Rd3 f5 46.g5 e5 47.Rb3 f4 
48.Rb6 Rxa3 49.Rxg6 Rxh3 50.Ra6 Rg3+ 0-1

[Event "EU-chT Seniors 05th"]
[Site "Dresden"]
[Date "2003.02.24"]
[Round "2.2"]
[White "Farrand, Julian"]
[Black "Walke, Guenter"]
[Result "1-0"]
[WhiteElo "2002"]
[BlackElo "1748"]
[EventDate "2003.02.23"]
[PlyCount "31"]

1.d4 d5 2.Nc3 e6 3.e4 dxe4 4.Nxe4 Nf6 5.Bg5 Be7 6.Bxf6 Bxf6 7.Nf3 Nd7 8.
Bd3 O-O 9.Qe2 Be7 10.O-O-O h6 11.h4 c5 12.Nxc5 Nxc5 13.dxc5 Qa5 14.Kb1 
Bxc5 15.Ne5 b5 16.Qe4 1-0

[Event "EU-chT Seniors 05th"]
[Site "Dresden"]
[Date "2003.02.24"]
[Round "2.2"]
[White "Hoen, Ragnar Harald"]
[Black "Mueller, Siegmar"]
[Result "1-0"]
[WhiteElo "2269"]
[BlackElo "1821"]
[EventDate "2003.02.23"]
[PlyCount "51"]

1.e4 b6 2.Nf3 Bb7 3.Nc3 e6 4.a3 Nf6 5.e5 Nd5 6.Nxd5 Bxd5 7.d4 c5 8.Be2 
cxd4 9.O-O Nc6 10.Bf4 Qc7 11.Re1 f6 12.Bb5 Bxf3 13.Qxf3 fxe5 14.Bxe5 Bd6 
15.Bxg7 Rg8 16.Rxe6+ dxe6 17.Bxc6+ Kd8 18.Bf6+ Kc8 19.Bxa8 Rf8 20.g4 Bf4 
21.g5 Bxg5 22.Be5 Rxf3 23.Bxc7 Rf7 24.Be5 Rd7 25.Rd1 Bh4 26.Rxd4 1-0

[Event "EU-chT Seniors 05th"]
[Site "Dresden"]
[Date "2003.02.24"]
[Round "2.2"]
[White "Jaeger, Erich"]
[Black "Mueckan, Friedbert"]
[Result "1-0"]
[WhiteElo "2219"]
[BlackElo "1938"]
[EventDate "2003.02.23"]
[PlyCount "95"]

1.d4 c5 2.Nf3 cxd4 3.Nxd4 Nf6 4.c4 g6 5.Nc3 Bg7 6.e4 d6 7.Be2 Nc6 8.Nxc6 
bxc6 9.O-O O-O 10.Qc2 a5 11.Kh1 Qc7 12.f4 Rd8 13.Be3 Rb8 14.Rad1 Ba6 15.f5
Nd7 16.fxg6 hxg6 17.Rf2 Ne5 18.b3 Bc8 19.Rdf1 Be6 20.Bf3 Bf6 21.Ne2 Kg7 
22.Nd4 Bd7 23.Bd1 Rh8 24.Qd2 d5 25.Bf4 dxc4 26.Bxe5 Qxe5 27.Nf3 Qc7 28.e5 
Bxe5 29.Nxe5 Qxe5 30.Rxf7+ Kg8 31.Qf4 Qxf4 32.R1xf4 Be6 33.Rxe7 cxb3 34.
Rxe6 b2 35.Rxg6+ Kh7 36.Rg3 Rb4 37.Rxb4 axb4 38.Bc2+ Kh6 39.Rh3+ Kg7 40.
Rxh8 Kxh8 41.Kg1 Kg7 42.Kf2 Kf6 43.Ke3 Ke5 44.g4 c5 45.g5 c4 46.g6 Kf6 47.
Kd4 b3 48.axb3 1-0

[Event "EU-chT Seniors 05th"]
[Site "Dresden"]
[Date "2003.02.24"]
[Round "2.2"]
[White "Langenfeld, Heinz"]
[Black "Potthammel, Joerg"]
[Result "0-1"]
[WhiteElo "1942"]
[BlackElo "2107"]
[EventDate "2003.02.23"]
[PlyCount "131"]

1.d4 Nf6 2.c4 e6 3.Nc3 Bb4 4.Bd2 O-O 5.e3 b6 6.Bd3 Bb7 7.Nf3 Bxc3 8.Bxc3 
Ne4 9.Rc1 f5 10.b4 d6 11.O-O Nd7 12.Bb2 a5 13.b5 Qe8 14.Nd2 Qg6 15.f3 Nxd2
16.Qxd2 Rae8 17.a4 e5 18.Ba3 e4 19.Be2 f4 20.exf4 e3 21.Qc2 Qf6 22.c5 bxc5
23.dxc5 Nxc5 24.Bxc5 dxc5 25.Qxc5 Re7 26.Qc3 Qb6 27.Qc4+ Kh8 28.Rfd1 Rfe8 
29.Qc5 Qf6 30.Qd4 Qe6 31.Qc4 Qb6 32.Rd4 Bc8 33.Qc5 Qf6 34.Rcd1 Bf5 35.g4 
Bg6 36.f5 Bf7 37.Qc6 Qh4 38.Rf1 h6 39.Rd7 Rxd7 40.Qxd7 Re7 41.Qd8+ Kh7 42.
Bd3 g6 43.fxg6+ Bxg6 44.Bxg6+ Kxg6 45.Qg8+ Kf6 46.Qf8+ Kg6 47.Qg8+ Kf6 48.
Qh8+ Kg6 49.Qg8+ Kf6 50.Qf8+ Kg6 51.Qf5+ Kg7 52.Qh5 Qxh5 53.gxh5 Kf6 54.
Re1 Kf5 55.Kf1 Kf4 56.Ke2 Rd7 57.Rg1 Rd2+ 58.Ke1 Rxh2 59.Rg6 Rxh5 60.Rf6+ 
Rf5 61.Rxh6 Kxf3 62.Rh3+ Ke4 63.Rh7 Rc5 64.Re7+ Kd3 65.Rd7+ Kc3 66.Ke2 0-1

[Event "EU-chT Seniors 05th"]
[Site "Dresden"]
[Date "2003.02.24"]
[Round "2.2"]
[White "Lieb, Harald"]
[Black "Lenk, Wolfgang"]
[Result "1/2-1/2"]
[WhiteElo "2336"]
[BlackElo "2187"]
[EventDate "2003.02.23"]
[PlyCount "81"]

1.d4 Nf6 2.c4 g6 3.Nc3 Bg7 4.e4 d6 5.Be2 O-O 6.Bg5 c5 7.d5 h6 8.Bf4 Qa5 9.
Qd2 h5 10.h3 a6 11.a4 b5 12.cxb5 axb5 13.Bxb5 Ba6 14.Ra3 Qb4 15.Bxa6 Nxa6 
16.f3 Rfb8 17.Nb5 Nd7 18.Ne2 Qxb2 19.Qxb2 Bxb2 20.Rb3 Bf6 21.Bd2 c4 22.Rb1
Nac5 23.O-O Rxa4 24.Bc3 Kg7 25.Bxf6+ Kxf6 26.Nec3 Ra5 27.Nd4 Rxb1 28.Rxb1 
Ra3 29.Ncb5 Ra2 30.Nc3 Rd2 31.Nde2 Nb3 32.Rd1 Rc2 33.Kf2 Ndc5 34.Ke3 Nd3 
35.Nb5 Rb2 36.Na3 Na5 37.Nxc4 Nxc4+ 38.Kxd3 Ne5+ 39.Ke3 Nc4+ 40.Kd3 Ne5+ 
41.Ke3 1/2-1/2

[Event "EU-chT Seniors 05th"]
[Site "Dresden"]
[Date "2003.02.24"]
[Round "2.2"]
[White "Malich, Burkhard"]
[Black "Richardson, Keith B"]
[Result "1/2-1/2"]
[WhiteElo "2368"]
[BlackElo "2141"]
[EventDate "2003.02.23"]
[PlyCount "124"]

1.d4 Nf6 2.Nf3 g6 3.c4 Bg7 4.Nc3 O-O 5.Bg5 h6 6.Bh4 d6 7.e3 Nc6 8.d5 Nb8 
9.Nd2 c6 10.Be2 a6 11.a4 a5 12.O-O Na6 13.e4 e5 14.dxe6 Bxe6 15.Nb3 g5 16.
Bg3 d5 17.exd5 cxd5 18.Nd4 Bc8 19.Ndb5 dxc4 20.Bxc4 Qb6 21.Re1 Bg4 22.Qd6 
Qc5 23.Qxc5 Nxc5 24.Bd6 Rfc8 25.Nc7 Ne6 26.Bxe6 Bxe6 27.Nxa8 Rxa8 28.Be5 
Rc8 29.Nb5 Nd5 30.Nd4 Bd7 31.Bxg7 Kxg7 32.Re5 Nf4 33.Rxa5 Rc4 34.Nf5+ Kg6 
35.Ne3 Rb4 36.Rd1 Bxa4 37.Rd6+ Kh7 38.g3 Ne6 39.Nd5 Rc4 40.b4 Rc1+ 41.Kg2 
Bc2 42.Ne3 Bg6 43.Kf3 h5 44.Rb5 Rb1 45.Rxb7 g4+ 46.Ke2 Ng5 47.Rd1 Rb2+ 48.
Rd2 Rb3 49.Nd1 Be4 50.Rb6 Bf3+ 51.Ke1 Rb1 52.b5 Kg7 53.Rb8 Ne4 54.Rd3 Nc3 
55.Rbd8 Nxd1 56.Rxf3 Nc3+ 57.Kd2 gxf3 58.Kxc3 Rxb5 59.Rd3 Ra5 60.Kd4 Kg6 
61.h4 f6 62.Rxf3 Ra4+ 1/2-1/2

[Event "EU-chT Seniors 05th"]
[Site "Dresden"]
[Date "2003.02.24"]
[Round "2.2"]
[White "Meier, Wolfgang"]
[Black "Golcman, Evgeny"]
[Result "1/2-1/2"]
[WhiteElo "2102"]
[BlackElo "2350"]
[EventDate "2003.02.23"]
[PlyCount "89"]

1.Nf3 f5 2.d4 Nf6 3.g3 g6 4.Bg2 Bg7 5.c4 O-O 6.Nc3 d6 7.O-O Nc6 8.Rb1 e5 
9.dxe5 dxe5 10.Qxd8 Rxd8 11.Nb5 Rd7 12.Ne1 e4 13.Nc2 Ne8 14.Be3 a6 15.Nba3
Ne5 16.Rfd1 Kf7 17.b3 Rxd1+ 18.Rxd1 Be6 19.f3 exf3 20.exf3 Nc6 21.f4 Rd8 
22.Rxd8 Nxd8 23.Nd4 Bd7 24.Nac2 b6 25.Nf3 Ke7 26.Bd4 c5 27.Bxg7 Nxg7 28.
Ne5 Be6 29.Kf2 Kd6 30.Ke3 Nh5 31.Bf3 Nf6 32.h4 Bf7 33.Ne1 Be8 34.N1d3 Bc6 
35.Nxc6 Nxc6 36.Bxc6 Kxc6 37.Nf2 Kd6 38.Kf3 Ke6 39.Ke3 Ne8 40.Nh3 h6 41.
Nf2 Nd6 42.a4 Nb7 43.Nd3 Na5 44.Nc1 Nc6 45.Ne2 1/2-1/2

[Event "EU-chT Seniors 05th"]
[Site "Dresden"]
[Date "2003.02.24"]
[Round "2.2"]
[White "Norman, Dinah M"]
[Black "Just, Joachim"]
[Result "1/2-1/2"]
[WhiteElo "2021"]
[BlackElo "2136"]
[EventDate "2003.02.23"]
[PlyCount "39"]

1.d4 e6 2.e4 d5 3.Nd2 c5 4.exd5 Qxd5 5.Ngf3 cxd4 6.Bc4 Qd6 7.Qe2 Nf6 8.Nb3
Nc6 9.O-O Be7 10.Rd1 a6 11.Nbxd4 Nxd4 12.Rxd4 Qb6 13.c3 Bc5 14.Rh4 Bd7 15.
b4 Be7 16.Be3 Qc7 17.Bf4 Qb6 18.Be3 Qc7 19.Bf4 Qb6 20.Be3 1/2-1/2

[Event "EU-chT Seniors 05th"]
[Site "Dresden"]
[Date "2003.02.24"]
[Round "2.2"]
[White "Opl, Klaus"]
[Black "Nautsch, Werner"]
[Result "1-0"]
[WhiteElo "2283"]
[BlackElo "2279"]
[EventDate "2003.02.23"]
[PlyCount "141"]

1.d4 g6 2.e4 Bg7 3.Nf3 d6 4.Nc3 Nc6 5.h3 e5 6.Be3 Bd7 7.Qd2 exd4 8.Nxd4 
Nge7 9.O-O-O O-O 10.h4 h5 11.Be2 Ne5 12.Bh6 Ng4 13.Bxg7 Kxg7 14.Bxg4 Bxg4 
15.f3 Bd7 16.Rdg1 Rh8 17.g4 hxg4 18.fxg4 Nc6 19.h5 Qf6 20.Nde2 Qe5 21.Nd5 
Qxe4 22.h6+ Kf8 23.Nxc7 Rc8 24.Qxd6+ Qe7 25.Nb5 Ne5 26.Nec3 Qxd6 27.Nxd6 
Rc6 28.Nxb7 Nxg4 29.Rd1 Rc7 30.Nc5 Be8 31.N5e4 Rxh6 32.Nd5 Rc8 33.Nd6 Rb8 
34.Nxe8 Rxe8 35.Rxh6 Nxh6 36.c4 Rc8 37.b3 Nf5 38.Kc2 Ne7 39.Rh1 Ng8 40.Kc3
Kg7 41.b4 f5 42.c5 g5 43.Kd4 f4 44.Rg1 Kh6 45.b5 f3 46.c6 Kh5 47.Ke4 g4 
48.Kf4 Rf8+ 49.Kg3 Kg5 50.Rc1 Nh6 51.Ne3 Nf5+ 52.Nxf5 Kxf5 53.c7 Rc8 54.a4
f2 55.Kxf2 Ke6 56.a5 Kd7 57.b6 axb6 58.axb6 Rf8+ 59.Kg3 Kc8 60.Kxg4 Kb7 
61.Rb1 Kc6 62.Kg5 Kb7 63.Kg6 Rf2 64.Rb5 Rf8 65.Kg7 Rf1 66.Rc5 Rg1+ 67.Kf7 
Rf1+ 68.Ke6 Rf8 69.Kd7 Rc8 70.Rc1 Ka8 71.b7+ 1-0

[Event "EU-chT Seniors 05th"]
[Site "Dresden"]
[Date "2003.02.24"]
[Round "2.2"]
[White "Schwertel, Hans"]
[Black "Rudnik, Heinz"]
[Result "0-1"]
[WhiteElo "2050"]
[BlackElo "2011"]
[EventDate "2003.02.23"]
[PlyCount "88"]

1.d4 Nf6 2.Nf3 g6 3.Bf4 Bg7 4.e3 c5 5.c3 b6 6.Nbd2 Bb7 7.Be2 O-O 8.O-O d6 
9.Qc2 Nc6 10.Rad1 Qc7 11.dxc5 bxc5 12.Nc4 e5 13.Bg3 Rad8 14.Rd2 Ne7 15.Re1
Ne4 16.Rdd1 Nxg3 17.hxg3 d5 18.Na3 e4 19.Ng5 h6 20.Nh3 g5 21.g4 Ng6 22.g3 
Ne5 23.Kg2 Qc8 24.Ng1 Nxg4 25.Rd2 Rd6 26.Qd1 f5 27.Nc4 Rdd8 28.Na5 Ba8 29.
Nb3 Ne5 30.Bh5 Nd3 31.Rf1 d4 32.cxd4 cxd4 33.Rc2 Qb7 34.Qe2 Nf4+ 35.gxf4 
d3 36.Qd2 dxc2 37.Qxc2 gxf4 38.Nh3 f3+ 39.Kh1 Rc8 40.Qd2 Rfd8 41.Qe1 Qe7 
42.Nf4 Qh4+ 43.Kg1 Be5 44.Bxf3 exf3 0-1

[Event "EU-chT Seniors 05th"]
[Site "Dresden"]
[Date "2003.02.24"]
[Round "2.2"]
[White "Starck, Bodo"]
[Black "Karl, Hans"]
[Result "0-1"]
[WhiteElo "2252"]
[BlackElo "2286"]
[EventDate "2003.02.23"]
[PlyCount "26"]

1.d4 Nf6 2.c4 g6 3.Nc3 Bg7 4.e4 d6 5.Nf3 O-O 6.Bg5 c5 7.d5 e6 8.Bd3 exd5 
9.exd5 Re8+ 10.Kf1 Bg4 11.h3 Bxf3 12.Qxf3 Nbd7 13.Ne4 Nxe4 0-1

[Event "EU-chT Seniors 05th"]
[Site "Dresden"]
[Date "2003.02.24"]
[Round "2.2"]
[White "Starke, Burkhard"]
[Black "Krawiec, Witold"]
[Result "1/2-1/2"]
[WhiteElo "2080"]
[BlackElo "1903"]
[EventDate "2003.02.23"]
[PlyCount "60"]

1.Nf3 c5 2.b3 d6 3.Bb2 e5 4.e4 Be6 5.a4 Nc6 6.Na3 Be7 7.Bc4 Qd7 8.O-O Nh6 
9.c3 f5 10.Bxe6 Qxe6 11.exf5 Qxf5 12.d3 O-O 13.Nc2 Rf7 14.Ne3 Qg6 15.Ne1 
Raf8 16.Qe2 Nf5 17.Nxf5 Rxf5 18.Qe4 Qe6 19.c4 Rf4 20.Qe2 Qg6 21.f3 Nd8 22.
Nc2 Ne6 23.Ne3 R4f7 24.Nd5 Bd8 25.Qe4 Qh5 26.Bc1 Nd4 27.Rb1 a5 28.Rb2 g5 
29.Rbf2 Kg7 30.Be3 Ne6 1/2-1/2